Statystyki dla Stacje Paliw w PCD

Kliknij tutaj aby rozwiązać quiz!

Ogólne statystyki

  • Ten quiz został rozwiązany 30 razy
  • Średni wynik to 4 z 5

Statystyki odpowiedzi

HintOdpowiedź% Poprawnych
SławnoOrlen
100%
DarłowoBP
92%
SławnoOktan
83%
DarłowoRolmasz
79%
SławnoRolmasz
79%

Rozkład punktacji

Percentyl według liczby udzielonych odpowiedzi

Procent ludzi z każdym wynikiem

Twoja historia wyników

Nie rozwiązałeś tego quizu